Facultad de Derecho – Universidad Nacional de Mar del Plata

Los empresarios y el obrerismo en tiempos radicales (Record no. 4081)

MARC details
000 -CABECERA
campo de control de longitud fija 00514nam a22001457a 4500
020 ## - NUMERO INTERNACIONAL NORMALIZADO PARA LIBROS (ISBN)
International Standard Book Number 9789876200684
080 ## - NUMERO DE CLASIFICACION DECIMAL UNIVERSAL (CDU)
Número de la Clasificación Decimal Universal 349.24 C 283
100 ## - ASIENTO PRINCIPAL--NOMBRE PERSONAL
Nombre personal Caterina, Luis Maria
245 ## - MENCION DE TITULO
Título propiamente dicho Los empresarios y el obrerismo en tiempos radicales
Parte restante del título 1916-1930
260 ## - PUBLICACION, DISTRIBUCION, ETC. (PIE DE IMPRENTA)
Lugar de publicación, distribución, etc. Rosario
Nombre del editor, distribuidor, etc. Pontificia Universidad Católica Argentina
Fecha de publicación, distribución, etc. 2000
300 ## - DESCRIPCION FISICA
Extensión 394 p.
650 ## - ASIENTO SECUNDARIO DE MATERIA - TERMINO TEMATICO
Subdivisión general derecho laboral
-- obrerismo
-- empresarios
-- gobierno radical
-- asociación del Trabajo
-- ley 11.278
-- reformas a la ley 11.278
945 ## - INFORMACION DE PROCESAMIENTO LOCAL
Responsable de carga/modificación Sabrina Cecilia Abram
AAAA-MM-DD - Fecha de ingreso/modificación 2015-06-25
942 ## - ELEMENTOS AGREGADOS (KOHA)
Clasificación normalizada de Koha para alfabetizar _
Holdings
Retirado Perdido Dañado No se presta Ubicación permanente Locación actual Estante o sala Fecha de adquisición Total préstamos Signatura topográfica Inventario Ultima fecha vista Fecha del precio Tipo de item de Koha
        Bib. Derecho Bib. Derecho Sala de Lectura 25/06/2015   349.24 C 283 202918 25/06/2015 25/06/2015 LIBRO (Consulta)

XHTML | CSS | ©Biblioteca Central - Dto. Tecnología de la Información - [ Con tecnología Koha ]